000 01040nam a2200301 c 4500
999 _c152060
_d152060
003 BLK
005 20190717113136.0
008 180410b bul|||||r ||||||| ||bul||
010 _aKNG00158504000
020 _a978-954-443-926-2
040 _aBLK
041 _aBUL
_cBUL
072 7 _2bullib
_aН8400
_xБългарска поезия Н
080 _aБългарска литература
_b821.163.2
_x-1
_z821.163.2-1
100 1 _aДойнов, Николай Георгиев
_eпърви автор
_9293290
139 _aДойнов, Николай Георгиев
_bД 71
245 1 0 _aНови стаи
_cНиколай Георгиев Дойнов.
257 _aBGR
260 _bБълг. писател
_c2012
300 _a58 с.
_bс ил.
_c21 см
380 _aX
659 _aН
852 _aЦб 264008
856 4 _qpdf
856 4 _qpdf
942 _cKNG
_n0
944 _aCR
_c25.03.2014
_kПенка_Димитрова
944 _aED
_c02.12.2014
_kГрета_Цуфелде
999 _d152060